Music Quiz

Random Music or Bands Quiz
Score 0/30 Timer 08:00
0 Plays Today
Members Band % Correct
Dave Grohl
Kurt Cobain
Krist Novoselic
Nirvana
95.2%
Axl Rose
Slash
Izzy Stradlin
Guns N Roses
93.9%
Isaac Hanson
Taylor Hanson
Zac Hanson
Hanson
84.8%
Noel Gallagher
Liam Gallagher
Bonehead Arthurs
Oasis
82.8%
Beyoncé Knowles
Kelly Rowland
LeToya Luckett
Destiny's Child
82.4%
Billie Joe Armstrong
Tré Cool
Mike Dirnt
Green Day
81.2%
Tom Dumont
Adrian Young
Gwen Stefani
No Doubt
81%
Dave Grohl
Taylor Hawkins
Nate Mendel
Foo Fighters
80.9%
Anthony Kiedis
Flea
Chad Smith
Red Hot Chili Peppers
79.8%
Geri Halliwell
Victoria Adams
Melanie Chisholm
Spice Girls
78.2%
Lars Ulrich
James Hetfield
Kirk Hammett
Metallica
75.8%
Nick Carter
A.J. McLean
Howie Dorough
Backstreet Boys
70.5%
Jeff Ament
Eddie Vedder
Stone Gossard
Pearl Jam
67.3%
Melissa Auf der Maur
Courtney Love
Eric Erlandson
Hole
66.2%
Billy Corgan
James Iha
D'Arcy Wretzky
Smashing Pumpkins
64.7%
Members Band % Correct
Rozonda Thomas
Lisa Lopes
Tionne Watkins
TLC
61.6%
Trent Reznor
Alessandro Cortini
Robin Finck
Nine Inch Nails
61.2%
Thom Yorke
Jonny Greenwood
Phil Selway
Radiohead
60.8%
Chris Cornell
Kim Thayil
Matt Cameron
Soundgarden
58.3%
Darius Rucker
Jim Sonefeld
Mark Bryan
Hootie and the Blowfish
54.5%
Chuck D.
Professor Griff
Flavor Flav
Public Enemy
52%
Zack de la Rocha
Tom Morello
Brad Wilk
Rage Against The Machine
50.8%
Gavin Rossdale
Nigel Pulsford
Robin Goodridge
Bush
48.3%
Rivers Cuomo
Patrick Wilson
Matt Sharp
Weezer
43.7%
Mark Hoppus
Scott Raynor
Tom DeLonge
blink-182
43.7%
Scott Phillips
Scott Stapp
Mark Tremonti
Creed
38.5%
Graham Coxon
Alex James
Damon Albarn
Blur
33.4%
Black Francis
Kim Deal
Joey Santiago
Pixies
25.2%
Mike Bordin
Mike Patton
Billy Gould
Faith No More
19.6%
Sen Dog
DJ Muggs
B-Real
Cypress Hill
17.5%
Remove Ads.
Support Sporcle.
Get the best of Sporcle when you Go Orange. This ad-free experience offers more features, more stats, and more fun while also helping to support Sporcle. Thank you for becoming a member.

You're not logged in!

Compare scores with friends on all Sporcle quizzes.
OR
Log In

Show Comments

Extras

Top Quizzes Today


Score Distribution

Your Account Isn't Verified!

In order to create a playlist on Sporcle, you need to verify the email address you used during registration. Go to your Sporcle Settings to finish the process.

Report this User

Report this user for behavior that violates our Community Guidelines.

Details: